| 000 | 00434nam a2200145Ia 4500 | ||
|---|---|---|---|
| 003 | OSt | ||
| 005 | 20260124095847.0 | ||
| 008 | 211028s2014 xx 000 0 und d | ||
| 040 | _cAIMIT LIBRARY | ||
| 041 | _aeng | ||
| 100 |
_aClinton, D' Silva _g1516036 _97612 |
||
| 245 | _aStudy on awareness of stellar data recovery products and servicies through advertisment / | ||
| 260 |
_aMangalore _bDr Babu Thomas. _c2014 |
||
| 942 |
_2ddc _cPRO |
||
| 999 |
_c219180 _d219180 |
||